|
|
|
|
| LEADER |
00867nam a2200229 a 4500 |
| 001 |
8886740 |
| 008 |
090702s1972 enk b 000 0 eng d |
| 020 |
|
|
|a 014042038x
|
| 010 |
|
|
|a a 59008186
|
| 040 |
|
|
|a Wisconsin. Univ. Libr.
|c ODaWU
|d OCoLC
|d DLC
|
| 082 |
|
|
|a 821.4082
|2 18
|
| 245 |
1 |
4 |
|a The metaphysical poets /
|c selected and edited by Helen Gardener
|
| 260 |
|
|
|a London :
|b Penguin Books
|c 1972
|
| 300 |
|
|
|a 330 p. :
|c 19 cm.
|
| 490 |
0 |
|
|a The Penguin Poets,
|v D38
|
| 504 |
|
|
|a Includes index
|
| 541 |
1 |
|
|e 00014513
|
| 650 |
|
0 |
|a English poetry
|y Early modern, 1500-1700.
|
| 700 |
1 |
|
|a Gardner, Helen Louise,
|c Dame,
|e ed.
|
| 852 |
4 |
|
|a Ayesha Abed Library
|j General shelf
|
| 999 |
|
|
|c 1962
|d 1962
|
| 952 |
|
|
|0 0
|1 0
|2 ddc
|4 0
|6 821_408200000000000_MET1985
|7 0
|9 1801
|a BRACUL
|b BRACUL
|c GEN
|d 2009-07-02
|g 952.00
|l 5
|m 4
|o 821.4082 MET
|p 3010014513
|r 2025-04-16
|s 2025-03-23
|t 1
|w 2009-07-02
|y BK
|